| 000 | 00411nam a22001577a 4500 | ||
|---|---|---|---|
| 003 | OSt | ||
| 005 | 20240403152636.0 | ||
| 008 | 240403b |||||||| |||| 00| 0 eng d | ||
| 040 | _cCentral Library MRSPTU | ||
| 100 | _aP.C. Wren and H.Martin | ||
| 245 | _aHigh School English Grammar and Composition | ||
| 250 | _a1st | ||
| 260 |
_aNew Delhi _bS.Chand & Company Ltd _c1994 |
||
| 300 | _a419 | ||
| 942 |
_2ddc _cBK _n0 |
||
| 999 |
_c9971 _d9971 |
||